| 000 | 02577 a2200265 4500 | ||
|---|---|---|---|
| 999 |
_c11285 _d11285 |
||
| 020 | _a9780323642088 | ||
| 050 |
_aRT82 _bNUR 2021 |
||
| 245 |
_aNursing today : _btransition and trends / _c JoAnn Zerwekh, Ashley Zerwekh Garneau |
||
| 250 | _aTenth edition | ||
| 264 |
_aSt. Louis, Missouri : _bElsevier, _cc2021 |
||
| 300 |
_axxi, 667 pages : _billustrations |
||
| 336 |
_2rdacontent _atext _btxt |
||
| 337 |
_2rdamedia _aunmediated _bn |
||
| 338 |
_2rdacarrier _avolume _bnc |
||
| 504 | _aIncludes bibliographical references and index | ||
| 505 | _aRole transitions -- Personal management: time and self-care strategies -- Mentorship, preceptorship, and nurse residency programs -- Employment considerations: opportunities, resumes, and interviewing -- NCLEX-RNʼ examination and the new graduate -- Historical perspectives: influences on the present -- Nursing education -- Nursing theory -- Image of nursing: influences of the present -- Challenges of nursing management and leadership -- Building nursing management skills -- Effective communication, team building, and interprofessional practice -- Conflict management -- Delegation in the clinical setting -- The health care organization and patterns of nursing care delivery -- Economics of the health care delivery system -- Political action in nursing -- Collective bargaining: traditional (union) and nontraditional approaches -- Ethical issues -- Legal issues -- Cultural and spiritual awareness -- Quality patient care -- Nursing informatics -- Using evidence-based practice and nursing research -- Workplace issues -- Emergency preparedness | ||
| 520 | _aLoved for its humor, readability, and inviting cartoons, Nursing Today: Transitions and Trends, 9th Edition helps you prepare for the NCLEX-RNʼ Examination -- while giving you valuable information to succeed in your professional career. It reflects current issues and trending topics that nurses will face, ensuring that you graduate not only with patient care skills, but also with career development skills such as resume writing, finding a job, and effective interviewing. This edition features test-taking tips for the NCLEX-RNʼ Examination and updated Evolve resources for students, including review questions and case studies. -- Provided by publisher | ||
| 650 |
_aNursing _xVocational guidance. |
||
| 650 |
_aNursing _xSocial aspects. |
||
| 650 | _aNursing. | ||
| 650 | _aVocational Guidance. | ||
| 700 |
_aZerwekh, JoAnn Graham _eeditor. |
||
| 700 |
_aGarneau, Ashley Zerwekh _eeditor. |
||
| 942 |
_2lcc _cBK _eTenth edition _h82 _iNUR _kRT |
||